Kapesní průvodce pěstováním trávníků /

Hlavní autor: Procházka, Ivan, 1962-
Další autoři: Tomašovičová, Anna
Jazyk: Čeština
Vydáno: Třebíč : FEZ, 1999
Vydání: 1. vyd.
Témata:
Fyzický popis: 48 s. ; 12 x 16 cm
Knihy
Uloženo v:
LEADER 00924nam a2200313 a 4500
001 000428282
003 CZ BrMZK
005 20201119202940.0
007 ta
008 990315s1999 xr e f 0 cze d
015 |a cnb000701208 
020 |a 80-901789-7-9 
035 |a (OCoLC)42975653 
040 |a BOA001  |b cze 
072 7 |a 635  |x Zahrádkářství  |2 Konspekt  |9 24 
080 |a 635.928  |2 MRF 
080 |a (035)  |2 MRF 
100 1 |a Procházka, Ivan,  |d 1962-  |7 mzk2004234201  |4 aut 
245 1 0 |a Kapesní průvodce pěstováním trávníků /  |c Ivan Procházka, Anna Tomašovičová 
250 |a 1. vyd. 
260 |a Třebíč :  |b FEZ,  |c 1999 
300 |a 48 s. ;  |c 12 x 16 cm 
500 |a Bibliogr. 
650 0 7 |a trávníky  |7 ph116496  |2 czenas 
650 0 7 |a trávníkářství  |7 ph116497  |2 czenas 
655 7 |a příručky  |7 fd133209  |2 czenas 
700 1 |a Tomašovičová, Anna  |4 aut 
910 |a BOA001  |b 1-1061.243 
990 |a BK